1065 1829 1848 1024 1468 1838 1422 1409 1802 1827 1042 1225 1871 1985 1567 1514 1160 1433 1693 1677 1793 1232 1806 1187 1389 1691 1653 1608 1450 1054 1326 1650 1911 1496 1540 1765 1688 1548 1638 1100 1749 1458 1706 1924 1658 1172 1546 1471 1905 1061 1139 1777 1822 1320 1059 1486 1211 1208 1009 1073 1109 1652 1068 1113 1090 1417 2000 1056 1517 1281 1798 1384 1712 1927 1724 1390 1246 1490 1165 1287 1778 1485 1898 1600 1918 1992 1649 1724 1967 1083 1650 1524 1515 1211 1617 1937 1203 1172 1962 BCNSPRNW ULIB Ver.6.0+V

เปลี่ยนเป็นภาษาไทย

Change to English
 แสดงรายละเอียดบรรณานุกรม
  กลับหน้าหลัก

Brief Record : Get Marc (ISO 2709) : E-mail record : QR code < ปิดหน้าต่าง
LEADER : 00000nam 2200000uu 4500
001    13399112290
003     ULIB
008    110803s2551||||th 000 0 tha d
020    9744224514
040    bra
060 04 WB115^bส886อ 2551
245 00 อายุรศาสตร์ 2008 :^bCurrent concepts and update treatment(2) /^cบรรณาธิการ, สมศักดิ์ ลัพธิกุลธรรม ... [และคนอื่นๆ]
246 31 Current concepts and update treatment (2)
260    กรุงเทพฯ :^bกลุ่มงานอายุรศาสตร์ โรงพยาบาลราชวิถี,^c2551
300    (4), 330 หน้า :^bภาพประกอบ ;^c27 ซม.
650  2 Medicine
650  4 การแพทย์
650  4 อายุรศาสตร์
700 0  สมศักดิ์ ลัพธิกุลธรรม,^eบรรณาธิการ
710 2  โรงพยาบาลราชวิถี. ^bกลุ่มงานอายุรศาสตร์
945    ^p400^l0^i023681
945    ^p400^l0^i023682
945    ^p400^l0^i028760
995    ทศพร
999 ^a ทศพร
รายการนี้ยังไม่มีแท็ก
คุณยังไม่ได้ล็อกอิน คุณสามารถมีกิจกรรมร่วมกับเว็บไซต์ได้ แต่ต้องล็อกอินก่อน ::
  ล็อกอิน

รายการสื่อสารสนเทศ

ลำดับที่ ประเภท เลขเรียก/บาร์โค้ด สถานที่ สถานะ
- ไม่พบข้อมูล -

รายการใกล้เคียง
    หัวเรื่อง [Medicine]
    หัวเรื่อง [การแพทย์]
    หัวเรื่อง [อายุรศาสตร์]

BibComment


ยังไม่เคยถูกคอมเมนท์

คอมเมนท์ทรัพยากรรายการนี้
  คอมเมนท์: อายุรศาสตร์ 2008 ..


 Copyright 2026. Bcnsprnw @Library